[Event "4NCL/Div1/WGR1 vs. WGR2"]
[Site "Birmingham ENG"]
[Date "2001.09.23"]
[Round "2.8"]
[White "Jackson, Sheila A"]
[Black "Tiller, Bjorn"]
[Result "1/2-1/2"]
[WhiteElo "2185"]
[BlackElo "2376"]
[PlyCount "20"]
[EventDate "2001.09.23"]
[SourceDate "2001.01.01"]

1. e4 e6 2. d4 d5 3. Nd2 c5 4. exd5 exd5 5. Bb5+ Nc6 6. Ngf3 cxd4 7. Qe2+ Qe7
8. Qxe7+ Bxe7 9. Nxd4 Bd7 10. N2f3 Nf6 1/2-1/2

[Event "4NCL/Div1/WES vs. WRO1"]
[Site "Birmingham ENG"]
[Date "2001.09.23"]
[Round "2.1"]
[White "Webb, Richard M"]
[Black "Arkell, Keith C"]
[Result "1/2-1/2"]
[WhiteElo "2356"]
[BlackElo "2431"]
[PlyCount "29"]
[EventDate "2001.09.23"]
[SourceDate "2001.01.01"]

1. Nf3 Nf6 2. g3 b5 3. Bg2 Bb7 4. O-O e6 5. d3 d5 6. Nbd2 Nbd7 7. e4 dxe4 8.
Ng5 Qc8 9. Ngxe4 Be7 10. a4 a6 11. Nxf6+ Nxf6 12. Ne4 O-O 13. Bg5 Nd5 14. Bxe7
Nxe7 15. Qd2 1/2-1/2

[Event "4NCL/Div1/WES vs. WRO1"]
[Site "Birmingham ENG"]
[Date "2001.09.23"]
[Round "2.2"]
[White "Kirsanov, Oleg"]
[Black "Rossiter, Philip J"]
[Result "0-1"]
[WhiteElo "2365"]
[BlackElo "2363"]
[PlyCount "74"]
[EventDate "2001.09.23"]
[SourceDate "2001.01.01"]

1. d4 f5 2. Nf3 Nf6 3. Bg5 Ne4 4. Bf4 e6 5. Nbd2 Bd6 6. Bxd6 Nxd6 7. e3 b6 8.
Ne5 O-O 9. Be2 Bb7 10. Bf3 Ne4 11. c3 Qh4 12. O-O d6 13. Nd3 Nd7 14. g3 Qe7 15.
Bg2 e5 16. Re1 Rae8 17. f4 exd4 18. exd4 Ndf6 19. Nf1 Qf7 20. Ne3 Qg6 21. Qc2
h5 22. Nf1 h4 23. gxh4 Nh5 24. Re3 Qg4 25. Qe2 Qxh4 26. Rh3 Nxf4 27. Nxf4 Qxf4
28. Qh5 Qf2+ 29. Kh1 Qxg2+ 30. Kxg2 Nf6+ 31. Kf2 Nxh5 32. Rxh5 Re4 33. Re1 Rf4+
34. Ke3 Rg4 35. Re2 g6 36. Rh3 Bg2 37. Rg3 Bxf1 0-1

[Event "4NCL/Div1/WES vs. WRO1"]
[Site "Birmingham ENG"]
[Date "2001.09.23"]
[Round "2.3"]
[White "Upton, Ian J"]
[Black "Gayson, Peter M"]
[Result "0-1"]
[WhiteElo "2260"]
[BlackElo "2282"]
[PlyCount "78"]
[EventDate "2001.09.23"]
[SourceDate "2001.01.01"]

1. d4 f5 2. Nc3 Nf6 3. Bg5 e6 4. f3 Be7 5. Nh3 d5 6. Qd3 O-O 7. O-O-O c5 8.
dxc5 Na6 9. e3 Nxc5 10. Qd4 b6 11. Be2 Bd7 12. Nf2 Rc8 13. g4 b5 14. Bxb5 fxg4
15. Bxd7 Ncxd7 16. Nxg4 Nxg4 17. Bxe7 Qxe7 18. fxg4 Nb6 19. Rdf1 Nc4 20. Rxf8+
Qxf8 21. Nd1 Qf3 22. Re1 Qg2 23. Qd3 Qxh2 24. Re2 Qg3 25. b3 Nd6 26. Qa6 Rf8
27. Kb2 Qe5+ 28. c3 Ne4 29. Kc2 Ng3 30. Rd2 Nf1 31. Re2 Qe4+ 32. Qd3 Qxg4 33.
e4 Ng3 34. Rg2 Rf3 35. Qb5 Qxe4+ 36. Kb2 Nh5 37. Qe8+ Rf8 38. Qxh5 Qxg2+ 39.
Ka3 Qg6 0-1

[Event "4NCL/Div1/WES vs. WRO1"]
[Site "Birmingham ENG"]
[Date "2001.09.23"]
[Round "2.4"]
[White "Barrett, Steve J"]
[Black "Yeo, Michael J"]
[Result "1/2-1/2"]
[WhiteElo "2210"]
[BlackElo "2213"]
[PlyCount "93"]
[EventDate "2001.09.23"]
[SourceDate "2001.01.01"]

1. d4 d5 2. c4 dxc4 3. e4 Nc6 4. Be3 Nf6 5. Nc3 e5 6. d5 Na5 7. Bxc4 Nxc4 8.
Qa4+ c6 9. Qxc4 cxd5 10. exd5 Bd7 11. Nf3 Bd6 12. O-O O-O 13. h3 Qe7 14. Rfe1
b5 15. Nxb5 Rfc8 16. Qe2 Bxb5 17. Qxb5 Rab8 18. Qa6 Nxd5 19. Rad1 Nb6 20. a4
Bb4 21. Re2 f6 22. b3 Qb7 23. Qb5 a5 24. Nh4 Qc6 25. Qd3 Qc3 26. Nf5 Qxd3 27.
Rxd3 Rc7 28. f4 Nd7 29. Bd2 Nc5 30. Rd5 Bxd2 31. Rexd2 exf4 32. Rc2 Rbc8 33.
Nd6 Nxb3 34. Rb2 Rc1+ 35. Kh2 Rb8 36. Rxa5 g5 37. Ra7 Rc6 38. Nf5 Rcb6 39. a5
Rb5 40. Nd6 Rb4 41. Re2 Nd4 42. Ree7 Rb2 43. Rg7+ Kh8 44. Rxh7+ Kg8 45. Rag7+
Kf8 46. Rf7+ Kg8 47. Rhg7+ 1/2-1/2

[Event "4NCL/Div1/WES vs. WRO1"]
[Site "Birmingham ENG"]
[Date "2001.09.23"]
[Round "2.5"]
[White "Simons, Martin J"]
[Black "Townsend, M. Paul"]
[Result "1-0"]
[WhiteElo "2215"]
[BlackElo "2238"]
[PlyCount "77"]
[EventDate "2001.09.23"]
[SourceDate "2001.01.01"]

1. e4 g6 2. Nc3 Bg7 3. d4 d6 4. Be3 a6 5. Qd2 b5 6. Bd3 Nd7 7. a4 b4 8. Nce2 a5
9. c3 bxc3 10. bxc3 Ngf6 11. Bh6 O-O 12. Nf3 e5 13. O-O d5 14. Ng3 exd4 15.
cxd4 dxe4 16. Nxe4 Bb7 17. Bxg7 Kxg7 18. Rfe1 Bd5 19. Nxf6 Nxf6 20. Ne5 Qd6 21.
Qc3 Be6 22. Rac1 Nd5 23. Qc5 Nb4 24. Be4 Rad8 25. Qxa5 Qxd4 26. Nf3 Qb6 27.
Qe5+ Kg8 28. Qxc7 Qa6 29. a5 Rc8 30. Qb6 Rb8 31. Qxa6 Nxa6 32. Nd4 Bd7 33. Rb1
Nc5 34. Bf3 Nd3 35. Rxb8 Rxb8 36. Rd1 Ne5 37. Bd5 Ba4 38. Ra1 Bd7 39. a6 1-0

[Event "4NCL/Div1/WES vs. WRO1"]
[Site "Birmingham ENG"]
[Date "2001.09.23"]
[Round "2.6"]
[White "Stephenson, F. Norman"]
[Black "Corkett, Anthony R"]
[Result "1/2-1/2"]
[WhiteElo "2246"]
[BlackElo "2283"]
[PlyCount "150"]
[EventDate "2001.09.23"]
[SourceDate "2001.01.01"]

1. c4 g6 2. Nc3 Nf6 3. d4 Bg7 4. e4 d6 5. Bd3 Nc6 6. Nge2 a6 7. f3 Rb8 8. Be3
Nd7 9. Rc1 O-O 10. O-O e5 11. d5 Nd4 12. Bb1 Nxe2+ 13. Nxe2 a5 14. a3 Qe7 15.
Qd2 b6 16. b4 axb4 17. axb4 f5 18. exf5 gxf5 19. Bg5 Qf7 20. Bh6 Nf6 21. Ng3
Qg6 22. Bxg7 Kxg7 23. c5 bxc5 24. bxc5 Ne8 25. cxd6 cxd6 26. Qa5 Bd7 27. Qa7
Rd8 28. Rc8 Qg5 29. Rxd8 Qxd8 30. Bxf5 Rf7 31. Bxd7 Qxd7 32. Qxd7 Rxd7 33. f4
Nf6 34. Nf5+ Kg6 35. Nxd6 exf4 36. Nc4 Rxd5 37. Rxf4 Rb5 38. g3 h5 39. Nd6 Rb2
40. Rf2 Rb1+ 41. Kg2 Ra1 42. h3 Ra5 43. Nc4 Rc5 44. Nd2 Ra5 45. Nf3 Rb5 46. Re2
Ra5 47. Nh4+ Kf7 48. Kf3 Ra4 49. Re3 Nh7 50. Re5 Nf6 51. Ng2 Ra3+ 52. Kf4 Ra2
53. Nh4 Rh2 54. Nf3 Rf2 55. Ra5 Ke7 56. g4 hxg4 57. hxg4 Nxg4 58. Kxg4 Kd6 59.
Kf4 Re2 60. Ng5 Re1 61. Ne4+ Kc6 62. Rc5+ Kb6 63. Rc2 Rh1 64. Nf6 Rg1 65. Nd5+
Kb5 66. Ne3 Rh1 67. Ke5 Rh5+ 68. Nf5 Kb4 69. Ke4 Rh8 70. Ne3 Rh4+ 71. Kd3 Rh3
72. Rc8 Kb5 73. Kd4 Rh4+ 74. Ke5 Rh5+ 75. Nf5 Kb4 1/2-1/2

[Event "4NCL/Div1/WES vs. WRO1"]
[Site "Birmingham ENG"]
[Date "2001.09.23"]
[Round "2.7"]
[White "Pye, David E"]
[Black "Gourlay, Iain"]
[Result "0-1"]
[WhiteElo "2096"]
[BlackElo "2210"]
[PlyCount "124"]
[EventDate "2001.09.23"]
[SourceDate "2001.01.01"]

1. d4 Nf6 2. Bg5 e6 3. e4 h6 4. Bxf6 Qxf6 5. c3 d6 6. Bd3 Nc6 7. Ne2 Bd7 8. O-O
g6 9. f4 Qg7 10. Nd2 f5 11. exf5 exf5 12. d5 Ne7 13. Qb3 O-O-O 14. Nd4 g5 15.
Bb5 gxf4 16. Bxd7+ Rxd7 17. Rae1 Rg8 18. Rf2 Qg6 19. Ne6 Bg7 20. Nxf4 Qf7 21.
Nf3 Ng6 22. Nxg6 Qxg6 23. Qa4 a6 24. Nh4 Qg4 25. Rf4 Qg5 26. Rxf5 Qd2 27. Qe4
Be5 28. Re2 Qc1+ 29. Re1 Qxb2 30. Ng6 Qxc3 31. Nxe5 Re7 32. Ref1 Ree8 33. Qc4
Qe3+ 34. Kh1 Rxe5 35. Rf7 Re7 36. Rf8+ Rxf8 37. Rxf8+ Re8 38. Qg4+ Kb8 39.
Rxe8+ Qxe8 40. Qd1 Qe4 41. h3 b5 42. Qd2 h5 43. Kg1 b4 44. g3 Qc4 45. g4 hxg4
46. h4 Qc5+ 47. Kg2 Qc3 48. Qe2 Qh3+ 49. Kg1 Qg3+ 50. Kf1 Qxh4 51. Qc4 Qh1+ 52.
Kf2 Qf3+ 53. Kg1 g3 54. Qxb4+ Kc8 55. Qd2 Qf2+ 56. Qxf2 gxf2+ 57. Kxf2 Kb7 58.
Ke3 Kb6 59. Kd4 Kb5 60. Ke4 Kc4 61. a3 a5 62. a4 Kc5 0-1

[Event "4NCL/Div1/WES vs. WRO1"]
[Site "Birmingham ENG"]
[Date "2001.09.23"]
[Round "2.8"]
[White "Keeling, Karen"]
[Black "Kosten-Forintos, G."]
[Result "1-0"]
[WhiteElo "2048"]
[BlackElo "1800"]
[PlyCount "74"]
[EventDate "2001.09.23"]
[SourceDate "2001.01.01"]

1. c4 e5 2. g3 Nc6 3. Bg2 g6 4. Nc3 Bg7 5. e4 d6 6. Nge2 f5 7. d3 Nf6 8. O-O
O-O 9. h3 fxe4 10. dxe4 Be6 11. Nd5 Qd7 12. Kh2 Rf7 13. Be3 Raf8 14. Qd2 b6 15.
Rad1 Ne7 16. b3 Kh8 17. f4 exf4 18. gxf4 Nxe4 19. Bxe4 Bxh3 20. Rg1 Nf5 21.
Bxf5 Bxf5 22. Bd4 Qd8 23. Bxg7+ Rxg7 24. Qe1 Re8 25. Rd2 Bc8 26. Qf2 Qd7 27.
Rg3 Qd8 28. Re3 Rxe3 29. Nxe3 Qd7 30. Qg3 Re7 31. Nd5 Re6 32. Ng1 Qg7 33. Re2
Rxe2+ 34. Nxe2 Qb2 35. Qf2 Qg7 36. Ng3 Qd7 37. Qg2 Qg4 1-0

[Event "4NCL/Div1/BRI1 vs. BAR2"]
[Site "Birmingham ENG"]
[Date "2001.09.23"]
[Round "2.1"]
[White "Ansell, Simon"]
[Black "Rogers, Jonathan W"]
[Result "1-0"]
[WhiteElo "2376"]
[BlackElo "2339"]
[PlyCount "83"]
[EventDate "2001.09.23"]
[SourceDate "2001.01.01"]

1. e4 e5 2. Nf3 Nc6 3. Bb5 Bc5 4. O-O Nd4 5. Nxd4 Bxd4 6. c3 Bb6 7. d4 c6 8.
Be2 d6 9. Na3 Nf6 10. Nc4 exd4 11. Nxb6 Qxb6 12. Bf3 c5 13. cxd4 cxd4 14. b3
Nd7 15. Bb2 Ne5 16. Bxd4 Nxf3+ 17. gxf3 Qa5 18. Kh1 O-O 19. Rg1 f6 20. Qc1 Qh5
21. Rg3 d5 22. Qc7 Qf7 23. Qf4 dxe4 24. Rag1 g6 25. fxe4 Qe8 26. f3 Kg7 27. Be3
Kf7 28. Qh6 Rh8 29. Bd4 Qd8 30. Bb2 Bd7 31. Rd1 Qe7 32. Ba3 Qe8 33. Rg2 Bc6 34.
Rgd2 Qe5 35. Bb2 Qe7 36. Rd6 Rad8 37. Bxf6 Qxf6 38. Rxf6+ Kxf6 39. Qh4+ g5 40.
Qh6+ Kf7 41. Rxd8 Rxd8 42. Qxh7+ 1-0

[Event "4NCL/Div1/BRI1 vs. BAR2"]
[Site "Birmingham ENG"]
[Date "2001.09.23"]
[Round "2.2"]
[White "Twyble, Michael S"]
[Black "Buckley, Graeme"]
[Result "1/2-1/2"]
[WhiteElo "2234"]
[BlackElo "2370"]
[PlyCount "92"]
[EventDate "2001.09.23"]
[SourceDate "2001.01.01"]

1. d4 Nf6 2. c4 g6 3. Nc3 Bg7 4. e4 d6 5. f4 O-O 6. Nf3 c5 7. d5 e6 8. Be2 exd5
9. cxd5 Bg4 10. O-O Nbd7 11. Re1 Re8 12. h3 Bxf3 13. Bxf3 Qa5 14. a4 c4 15. Qe2
Rac8 16. Be3 Nc5 17. Bxc5 Qxc5+ 18. Qf2 Nd7 19. Nb5 Qb4 20. Bg4 Rcd8 21. Bxd7
Rxd7 22. Rac1 a6 23. Nc3 Rde7 24. e5 dxe5 25. f5 gxf5 26. Qxf5 Qb6+ 27. Kh1 Qg6
28. Qe4 Rc8 29. g4 Rd7 30. Rcd1 {(=)} Qxe4+ 31. Rxe4 f6 32. a5 Rc5 33. Ra1 Bh6
34. Re2 Kf7 35. Ra4 Kg6 36. Kg2 Bf4 37. Kf3 h5 38. gxh5+ Kf5 39. Re4 Rg7 40.
Ne2 Bd2 41. Raxc4 Rxd5 42. Ng3+ Ke6 43. Rg4 Rg5 44. Rxg5 Bxg5 45. Rb4 Rd3+ 46.
Kg4 Rd4+ {(=)} 1/2-1/2

[Event "4NCL/Div1/BRI1 vs. BAR2"]
[Site "Birmingham ENG"]
[Date "2001.09.23"]
[Round "2.3"]
[White "Lalic, Susan"]
[Black "Berry, Neil"]
[Result "0-1"]
[WhiteElo "2329"]
[BlackElo "2256"]
[PlyCount "84"]
[EventDate "2001.09.23"]
[SourceDate "2001.01.01"]

1. e4 e6 2. d4 d5 3. e5 c5 4. c3 Nc6 5. Nf3 Qb6 6. a3 Nh6 7. b4 cxd4 8. cxd4
Nf5 9. Bb2 Bd7 10. Be2 Be7 11. O-O O-O 12. Qd2 f6 13. exf6 Bxf6 14. Ne5 Be8 15.
Nxc6 Bxc6 16. a4 Nxd4 17. a5 Nxe2+ 18. Qxe2 Qxb4 19. Qxe6+ Kh8 20. Bxf6 Rxf6
21. Qe1 Qf4 22. Qd2 d4 23. Qxf4 Rxf4 24. Nd2 a6 25. Rfd1 Rg4 26. f3 Rg5 27. Ne4
Rd5 28. Kf2 Kg8 29. Rd2 Rad8 30. h4 Rh5 31. Ng3 Rb5 32. Ne2 d3 33. Nf4 Rb3 34.
Re1 Kf7 35. Re3 Bb5 36. Ne6 Re8 37. Nc5 Rxe3 38. Kxe3 Ra3 39. Nxb7 Ke7 40. g4
Rc3 41. Kd4 Rc2 42. Rd1 d2 0-1

[Event "4NCL/Div1/BRI1 vs. BAR2"]
[Site "Birmingham ENG"]
[Date "2001.09.23"]
[Round "2.5"]
[White "Burgess, Graham"]
[Black "Shikerov, Stefan"]
[Result "1/2-1/2"]
[WhiteElo "2292"]
[BlackElo "2298"]
[PlyCount "94"]
[EventDate "2001.09.23"]
[SourceDate "2001.01.01"]

1. d4 d5 2. c4 c6 3. Nf3 e6 4. Nc3 Nf6 5. Bg5 dxc4 6. e4 b5 7. e5 h6 8. Bh4 g5
9. Nxg5 hxg5 10. Bxg5 Be7 11. exf6 Bxf6 12. Bxf6 Qxf6 13. g3 Na6 14. Bg2 Bb7
15. Ne4 Qe7 16. O-O O-O-O 17. a4 Kb8 18. axb5 cxb5 19. Rxa6 Bxa6 20. Nc5 Qxc5
21. dxc5 Rxd1 22. Rxd1 Rh5 23. c6 b4 24. h4 c3 25. bxc3 b3 26. Rb1 Bc4 27. Bf1
Bxf1 28. Kxf1 Rb5 29. c4 Rb4 30. h5 Kc7 31. h6 Rb8 32. h7 Kxc6 33. Rxb3 Rh8 34.
Ra3 Kb7 35. Rb3+ Kc6 36. Ra3 Kb7 37. Rb3+ {(=)} Kc8 38. Ra3 Kb8 39. Rb3+ Ka8
40. Ke2 Rxh7 41. Ke3 Rh8 42. Kd4 Rc8 43. c5 Rc7 44. Kc4 Rb7 45. Rf3 Rc7 46. Rb3
Rb7 47. Rf3 Rc7 1/2-1/2

[Event "4NCL/Div1/BRI1 vs. BAR2"]
[Site "Birmingham ENG"]
[Date "2001.09.23"]
[Round "2.6"]
[White "Hodgson, John H"]
[Black "Beaumont, Chris"]
[Result "1/2-1/2"]
[WhiteElo "2297"]
[BlackElo "2292"]
[PlyCount "48"]
[EventDate "2001.09.23"]
[SourceDate "2001.01.01"]

1. e4 g6 2. d4 Bg7 3. Nc3 d6 4. Nge2 Nf6 5. g3 O-O 6. Bg2 e5 7. h3 Nc6 8. Be3
exd4 9. Nxd4 Bd7 10. O-O Re8 11. Re1 a6 12. a4 Nb4 13. g4 c5 14. Nde2 Bc6 15.
Ng3 Nd7 16. Qe2 b5 17. Red1 Qc7 18. axb5 axb5 19. Rxa8 Rxa8 20. Nxb5 Bxb5 21.
Qxb5 Rb8 22. Qe2 {(=)} Bxb2 23. Qd2 Rb6 24. f4 Na2 {(=)} 1/2-1/2

[Event "4NCL/Div1/BRI1 vs. BAR2"]
[Site "Birmingham ENG"]
[Date "2001.09.23"]
[Round "2.7"]
[White "McFarland, Robert S"]
[Black "Coleman, David"]
[Result "1/2-1/2"]
[WhiteElo "2278"]
[BlackElo "2234"]
[PlyCount "39"]
[EventDate "2001.09.23"]
[SourceDate "2001.01.01"]

1. Nf3 c5 2. c4 g6 3. g3 Bg7 4. Bg2 Nc6 5. Nc3 e5 6. d3 Nge7 7. Rb1 O-O 8. O-O
d6 9. a3 a5 10. Ne1 Be6 11. Nd5 Rb8 12. Bd2 b5 13. b3 b4 14. a4 Qd7 15. Nc2 f5
16. f4 Rbe8 17. Kh1 Bf7 18. Nce3 Nxd5 19. Nxd5 Ne7 20. e4 1/2-1/2

[Event "4NCL/Div1/BRI1 vs. BAR2"]
[Site "Birmingham ENG"]
[Date "2001.09.23"]
[Round "2.8"]
[White "Rutherford, Elaine"]
[Black "Collier, David O"]
[Result "1/2-1/2"]
[WhiteElo "2117"]
[BlackElo "2254"]
[PlyCount "52"]
[EventDate "2001.09.23"]
[SourceDate "2001.01.01"]

1. e4 c5 2. Nc3 Nc6 3. f4 e6 4. Nf3 d5 5. Bb5 Nge7 6. Ne5 a6 7. Bxc6+ Nxc6 8.
Nxc6 bxc6 9. Qf3 Be7 10. O-O f5 11. e5 O-O 12. b3 a5 13. Na4 Ba6 14. d3 Bb5 15.
Nb2 a4 16. bxa4 Bxa4 17. c4 Bb3 18. a3 dxc4 19. dxc4 Bxc4 20. Nxc4 Qd4+ 21. Be3
Qxc4 22. Qxc6 Qd5 23. Qc7 Qd8 24. Qxd8 Rfxd8 25. Rfc1 Ra4 26. Bxc5 Bxc5+
1/2-1/2

[Event "4NCL/Div1/BAR1 vs. BGR1"]
[Site "Birmingham ENG"]
[Date "2001.11.24"]
[Round "3.1"]
[White "Parker, Jonathan"]
[Black "Gallagher, Joseph G"]
[Result "1/2-1/2"]
[WhiteElo "2539"]
[BlackElo "2511"]
[PlyCount "51"]
[EventDate "2001.11.24"]
[SourceDate "2001.01.01"]

1. d4 Nf6 2. c4 g6 3. Nc3 Bg7 4. e4 d6 5. f4 O-O 6. Nf3 Na6 7. Bd3 Bg4 8. O-O
Nd7 9. Be3 e5 10. fxe5 c5 11. d5 Nxe5 12. Be2 Nxf3+ 13. Bxf3 Bxf3 14. Qxf3 Qe7
15. Bf4 Nc7 16. Qg3 Rad8 17. Kh1 Bd4 18. Rae1 f6 19. Ne2 Be5 20. Ng1 Bxf4 21.
Qxf4 Na6 22. Qd2 Rde8 23. Nf3 Nb8 24. b3 Nd7 25. Qc3 Ne5 26. Nd2 1/2-1/2

[Event "4NCL/Div1/BAR1 vs. BGR1"]
[Site "Birmingham ENG"]
[Date "2001.11.24"]
[Round "3.2"]
[White "Hebden, Mark L"]
[Black "Knott, Simon"]
[Result "1-0"]
[WhiteElo "2567"]
[BlackElo "2383"]
[PlyCount "89"]
[EventDate "2001.11.24"]
[SourceDate "2001.01.01"]

1. e4 e6 2. d4 d5 3. Nd2 c5 4. exd5 Qxd5 5. Ngf3 cxd4 6. Bc4 Qd6 7. O-O Nf6 8.
Re1 Nc6 9. Nb3 a6 10. a4 Bd7 11. Nbxd4 Nxd4 12. Nxd4 Qc7 13. Bd3 Bd6 14. h3 O-O
15. c3 Bh2+ 16. Kh1 Bf4 17. Bxf4 Qxf4 18. Qe2 Rfd8 19. Qe5 Qxf2 20. Re3 Bc6 21.
Nxc6 bxc6 22. Rf1 Qh4 23. Qc5 Qh5 24. Qxc6 Ng4 25. Qf3 Nf6 26. Qg3 Kh8 27. b4
a5 28. Be2 Qh6 29. b5 Nd5 30. Rd3 f5 31. c4 f4 32. Qf3 Ne3 33. Rxe3 fxe3 34. c5
Qg5 35. Rc1 Rf8 36. Qe4 Rad8 37. c6 Rf4 38. Qxe6 Rf2 39. Qg4 Qxg4 40. Bxg4 Rdf8
41. c7 h5 42. c8=Q hxg4 43. Qxg4 e2 44. Kh2 Rf1 45. Re1 1-0

[Event "4NCL/Div1/BAR1 vs. BGR1"]
[Site "Birmingham ENG"]
[Date "2001.11.24"]
[Round "3.3"]
[White "Kelly, Brian"]
[Black "McShane, Luke J"]
[Result "1/2-1/2"]
[WhiteElo "2445"]
[BlackElo "2531"]
[PlyCount "44"]
[EventDate "2001.11.24"]
[SourceDate "2001.01.01"]

1. Nf3 Nf6 2. c4 c6 3. d4 d5 4. e3 Bf5 5. Bd3 Bxd3 6. Qxd3 e6 7. O-O Nbd7 8. b3
Ne4 9. Nfd2 Nxd2 10. Nxd2 Bb4 11. e4 O-O 12. Nf3 dxe4 13. Qxe4 a5 14. Bb2 Be7
15. Rfe1 Re8 16. Rad1 Qb6 17. Qf4 Bf6 18. Ne5 Qc7 19. Rd3 Rad8 20. Red1 c5 21.
Qe4 g6 22. g3 cxd4 1/2-1/2

[Event "4NCL/Div1/BAR1 vs. BGR1"]
[Site "Birmingham ENG"]
[Date "2001.11.24"]
[Round "3.4"]
[White "Summerscale, Aaron"]
[Black "Palliser, Richard"]
[Result "1-0"]
[WhiteElo "2503"]
[BlackElo "2443"]
[PlyCount "97"]
[EventDate "2001.11.24"]
[SourceDate "2001.01.01"]

1. d4 Nf6 2. c4 e6 3. Nc3 Bb4 4. f3 c5 5. d5 b5 6. e4 bxc4 7. Bxc4 Nxd5 8. Bxd5
exd5 9. Qxd5 Nc6 10. Nge2 Ba6 11. Kf2 O-O 12. Rd1 Qe7 13. Bg5 Qe6 14. Qxd7 Ne5
15. Qxe6 fxe6 16. Rd6 Bc8 17. Rd2 c4 18. Kf1 Bc5 19. Na4 Bb4 20. Rd4 Bd7 21. a3
Bxa4 22. axb4 Bb5 23. Bd2 a6 24. Bc3 Nd3 25. Rd6 e5 26. Kg1 Rad8 27. Rxd8 Rxd8
28. Ng3 Kf7 29. Nf5 Rd7 30. Ne3 Ke6 31. Nd5 Rf7 32. Ne3 Rd7 33. g3 Rf7 34. Kg2
g6 35. Nd5 Kd6 36. Rf1 Bc6 37. Ne3 Bb5 38. Rd1 Ke6 39. Nd5 Bc6 40. Ne3 Bb5 41.
Ra1 Kd6 42. Nc2 Ke6 43. Na3 Rd7 44. Nxb5 axb5 45. Kf1 h5 46. h4 Rd6 47. Ke2 Kf6
48. f4 Ke6 49. Ke3 1-0

[Event "4NCL/Div1/BAR1 vs. BGR1"]
[Site "Birmingham ENG"]
[Date "2001.11.24"]
[Round "3.5"]
[White "Crouch, Colin S"]
[Black "Hennigan, Michael T"]
[Result "1-0"]
[WhiteElo "2375"]
[BlackElo "2451"]
[PlyCount "75"]
[EventDate "2001.11.24"]
[SourceDate "2001.01.01"]

1. d4 Nf6 2. c4 g6 3. Nc3 Bg7 4. e4 d6 5. Nf3 O-O 6. Be2 e5 7. O-O Nc6 8. d5
Ne7 9. b4 a5 10. Ba3 Nh5 11. Re1 f5 12. c5 Kh8 13. bxa5 Nf4 14. cxd6 cxd6 15.
Nd2 Nxe2+ 16. Qxe2 Rxa5 17. Nc4 Ra6 18. Nb5 Rf6 19. Nbxd6 Rfxd6 20. Bxd6 Rxd6
21. Nxd6 Qxd6 22. f3 fxe4 23. fxe4 Bh6 24. Rab1 Kg7 25. Rf1 Ng8 26. Qf2 Qe7 27.
Rb3 Nf6 28. Qc2 Qd8 29. Qc3 Ng4 30. Qf3 Bf4 31. g3 Bg5 32. Qf7+ Kh6 33. Qf8+
Qxf8 34. Rxf8 Bd7 35. Rxb7 Ba4 36. Rff7 Nf6 37. h4 Be3+ 38. Kf1 1-0

[Event "4NCL/Div1/BAR1 vs. BGR1"]
[Site "Birmingham ENG"]
[Date "2001.11.24"]
[Round "3.6"]
[White "Cherniaev, Alexander"]
[Black "Ferguson, Mark"]
[Result "1-0"]
[WhiteElo "2457"]
[BlackElo "2376"]
[PlyCount "79"]
[EventDate "2001.11.24"]
[SourceDate "2001.01.01"]

1. e4 e5 2. Nf3 Nc6 3. Bb5 Nf6 4. d3 d6 5. c3 g6 6. Nbd2 Bg7 7. Nf1 O-O 8. Ng3
Qe7 9. O-O Nd8 10. Re1 c6 11. Ba4 Ne6 12. h3 Kh8 13. Bc2 Ng8 14. d4 c5 15. dxe5
dxe5 16. Bb3 Qc7 17. Bd5 Ne7 18. c4 Nd4 19. Nxd4 cxd4 20. b3 Nxd5 21. exd5 b5
22. Ba3 Rd8 23. Rc1 bxc4 24. bxc4 f5 25. Ne2 Rb8 26. f4 Qa5 27. Be7 Rd7 28. Bh4
e4 29. Nxd4 Rb2 30. Re2 Rxe2 31. Nxe2 Qxa2 32. Bf2 Kg8 33. Bd4 Bxd4+ 34. Nxd4
Ba6 35. Ne6 Bxc4 36. Qd4 Ba6 37. Qf6 Qa3 38. Rc5 h6 39. Qxg6+ Kh8 40. Qe8+ 1-0

[Event "4NCL/Div1/BAR1 vs. BGR1"]
[Site "Birmingham ENG"]
[Date "2001.11.24"]
[Round "3.7"]
[White "Rogers, Jonathan W"]
[Black "Cooper, Lawrence"]
[Result "1/2-1/2"]
[WhiteElo "2346"]
[BlackElo "2362"]
[PlyCount "43"]
[EventDate "2001.11.24"]
[SourceDate "2001.01.01"]

1. e4 e5 2. Nf3 Nc6 3. Nc3 Nf6 4. Bb5 Bb4 5. O-O O-O 6. Bxc6 dxc6 7. d3 Nd7 8.
Ne2 Re8 9. Ng3 Bf8 10. Be3 c5 11. Nd2 Nb8 12. f4 exf4 13. Rxf4 Nc6 14. Rf2 Ne5
15. h3 g6 16. Nf3 Qe7 17. Bg5 f6 18. Bd2 Bg7 19. Bc3 Nc6 20. Qd2 Be6 21. Re1
Qd6 22. Ne2 1/2-1/2

[Event "4NCL/Div1/BAR1 vs. BGR1"]
[Site "Birmingham ENG"]
[Date "2001.11.24"]
[Round "3.8"]
[White "Sheldon, Ruth"]
[Black "Lauterbach, Ingrid"]
[Result "1/2-1/2"]
[WhiteElo "2310"]
[BlackElo "2127"]
[PlyCount "45"]
[EventDate "2001.11.24"]
[SourceDate "2001.01.01"]

1. d4 Nf6 2. c4 g6 3. Nc3 d5 4. cxd5 Nxd5 5. e4 Nxc3 6. bxc3 Bg7 7. Be3 c5 8.
Qd2 Qa5 9. Rb1 cxd4 10. cxd4 Qxd2+ 11. Kxd2 O-O 12. Bc4 Nc6 13. Ne2 Rd8 14. Bd5
Nxd4 15. Nxd4 Bxd4 16. Bxd4 e6 17. Rb5 exd5 18. Rxd5 Be6 19. Rxd8+ Rxd8 20. Ke3
Bxa2 21. Ra1 Bc4 22. Rxa7 b5 23. Bc5 1/2-1/2

[Event "4NCL/Div1/WGR2 vs. GUI1"]
[Site "Birmingham ENG"]
[Date "2001.11.24"]
[Round "3.1"]
[White "Littlewood, Paul E"]
[Black "Kosten, Anthony C"]
[Result "0-1"]
[WhiteElo "2403"]
[BlackElo "2533"]
[PlyCount "134"]
[EventDate "2001.11.24"]
[SourceDate "2001.01.01"]

1. d4 Nf6 2. Nf3 e6 3. c4 b6 4. e3 Bb7 5. Bd3 Bb4+ 6. Nbd2 O-O 7. O-O c5 8.
dxc5 bxc5 9. Nb3 d6 10. a3 Ba5 11. Nxa5 Qxa5 12. Rb1 Nbd7 13. Qe2 Qc7 14. Rd1
a5 15. b3 Rab8 16. Bc2 d5 17. Bb2 a4 18. cxd5 exd5 19. b4 d4 20. bxc5 dxe3 21.
Qxe3 Qxc5 22. Qxc5 Nxc5 23. Be5 Rbc8 24. Bd6 Rfe8 25. Bxc5 Bxf3 26. gxf3 Rxc5
27. Bxa4 Rec8 28. Rd4 g6 29. Rbd1 Kg7 30. h4 Rf5 31. R1d3 Rc1+ 32. Kh2 Nh5 33.
Re3 Rf1 34. Kg2 Ra1 35. Bc2 Nf4+ 36. Kh2 Rf6 37. a4 h6 38. Rd1 Ra2 39. Rc3 Re6
40. Rd2 g5 41. hxg5 hxg5 42. Rc5 Rh6+ 43. Kg1 Nh3+ 44. Kf1 Rh5 45. Rdd5 Rxc2
46. Rxc2 Nf4 47. Rxg5+ Rxg5 48. Rc4 Ng6 49. Ke2 Rg1 50. f4 Kf6 51. Kf3 Nh4+ 52.
Ke4 Re1+ 53. Kd5 Ra1 54. Kc6 Nf5 55. Kb6 Nd6 56. Rb4 Ke6 57. a5 Kd5 58. a6 Nc4+
59. Kb7 Kc5 60. Rxc4+ Kxc4 61. a7 f5 62. a8=Q Rxa8 63. Kxa8 Kd3 64. Kb7 Ke2 65.
Kc6 Kxf2 66. Kd5 Kf3 67. Ke5 Kg4 0-1

[Event "4NCL/Div1/WGR2 vs. GUI1"]
[Site "Birmingham ENG"]
[Date "2001.11.24"]
[Round "3.2"]
[White "Rowson, Jonathan"]
[Black "Pein, Malcolm"]
[Result "1/2-1/2"]
[WhiteElo "2512"]
[BlackElo "2424"]
[PlyCount "121"]
[EventDate "2001.11.24"]
[SourceDate "2001.01.01"]

1. e4 e5 2. Nf3 Nc6 3. Bb5 a6 4. Ba4 Nf6 5. O-O Be7 6. Re1 b5 7. Bb3 d6 8. c3
O-O 9. h3 Na5 10. Bc2 c5 11. d4 Qc7 12. Nbd2 cxd4 13. cxd4 Nc6 14. Nb3 a5 15.
Be3 a4 16. Nbd2 Be6 17. a3 d5 18. Rc1 exd4 19. Nxd4 Nxd4 20. exd5 Qb7 21. dxe6
Nxe6 22. Bf5 Ra6 23. Qf3 Qxf3 24. Nxf3 Nd5 25. Bxe6 Rxe6 26. Nd4 Re4 27. Nxb5
Rb8 28. Nc3 Nxc3 29. Rxc3 f5 30. Rc2 Bf6 31. Ree2 Kf7 32. Kf1 Rb3 33. Bc1 Ke6
34. Rxe4+ fxe4 35. Rc4 Kd5 36. Rxa4 Bxb2 37. Bxb2 Rxb2 38. Ra7 g5 39. Kg1 h6
40. Ra6 Rb1+ 41. Kh2 Rf1 42. Kg3 h5 43. Ra5+ Kd4 44. Rf5 Kd3 45. Rd5+ Ke2 46.
Rd4 {(=)} Rxf2 47. Rxe4+ Kf1 48. Rb4 Rxg2+ 49. Kf3 Rf2+ 50. Kg3 Rg2+ 51. Kf3
Kg1 52. h4 g4+ 53. Kf4 Kh2 54. Kg5 g3 55. Kxh5 Rc2 56. Kg6 g2 57. Rb1 Rc6+ 58.
Kg7 Rc5 59. Kg6 Rc6+ 60. Kg7 Rc7+ 61. Kg6 1/2-1/2

[Event "4NCL/Div1/WGR2 vs. GUI1"]
[Site "Birmingham ENG"]
[Date "2001.11.24"]
[Round "3.3"]
[White "Tiller, Bjorn"]
[Black "Plaskett, James"]
[Result "1/2-1/2"]
[WhiteElo "2383"]
[BlackElo "2474"]
[PlyCount "49"]
[EventDate "2001.11.24"]
[SourceDate "2001.01.01"]

1. e4 c5 2. d3 Nc6 3. f4 e6 4. Nf3 d5 5. Nbd2 Nf6 6. g3 Be7 7. Bg2 O-O 8. O-O
b5 9. Re1 b4 10. e5 Nd7 11. Nf1 a5 12. g4 Qc7 13. Qe2 Ba6 14. f5 Nd4 15. Nxd4
cxd4 16. Bf4 Rac8 17. Rac1 Bh4 18. Ng3 Rce8 19. Qf2 g5 20. Bd2 exf5 {(=)} 21.
Qxf5 Bc8 22. Bxg5 Nc5 23. Qf6 Re6 24. Qf4 Bxg5 25. Qxg5+ 1/2-1/2